| 000 | 00844nam a2200277 a 4500 | ||
|---|---|---|---|
| 001 | 000110422 | ||
| 003 | CHAP | ||
| 005 | 20220329144132.0 | ||
| 008 | 140827s2007 mx | |rm |0|||||spa|d | ||
| 010 | _a106884 | ||
| 011 | _a107856 | ||
| 040 | _cCHAP | ||
| 090 | _aTesis | ||
| 100 | 1 |
_aBernaus López, Irene _9127929 |
|
| 245 | 1 | 0 |
_aMetales pesados y sales solubles en suelos acondicionados con biosolidos / _cpor Irene Bernaus López. |
| 260 | 3 |
_aChapingo, Méx. : _bEl autor, _c2007. |
|
| 300 | _aix, 100 h. | ||
| 502 | _aTesis (Ing. Agrónomo) -- UACH. Departamento de Suelos | ||
| 590 |
_aE792CSJ _b05 _c20140827 _lUCH01 _h0845 |
||
| 650 | 1 | 4 |
_aAguas residuales _xPurificación _92588 |
| 650 | 1 | 4 |
_aLodos residuales. _967427 |
| 650 | 1 | 4 |
_aMetales pesados _xEfecto en suelos. _975172 |
| 901 | _aBK | ||
| 942 | _cTESIS | ||
| 942 | _n0 | ||
| 999 |
_c106884 _d106884 |
||